| 000 | 00484 a2200193 4500 | ||
|---|---|---|---|
| 005 | 20260112153709.0 | ||
| 008 | 260112b |||||||| |||| 00| 0 eng d | ||
| 020 |
_a9781641164191 _c$ 157.00 |
||
| 040 | _aMAIN | ||
| 082 |
_a660.634 _bP317E |
||
| 100 | _a Pearson, Annabelle | ||
| 245 | _aEnzyme biotechnology | ||
| 260 |
_bCallisto Reference _c2020 _aNew York |
||
| 300 | _aviii, 216 | ||
| 650 | _aEnzymes | ||
| 650 | _aBiotechnology | ||
| 650 | _aBiochemistry | ||
| 942 | _cBK | ||
| 999 |
_c394098 _d394098 |
||